[Event "Harrogate 4NCL op-C 27th"]
[Site "Harrogate"]
[Date "2022.01.23"]
[Round "5"]
[White "Mitchell, Ian WS"]
[Black "Jackson, Paul Robert"]
[Result "1/2-1/2"]
[WhiteElo "1553"]
[BlackElo "1563"]
[PlyCount "30"]
[EventDate "2022.01.21"]
[EventType "swiss"]
[EventRounds "5"]
[EventCountry "ENG"]
[SourceTitle "CBM 206 Extra"]
[Source "ChessBase"]
[SourceDate "2022.03.31"]
[SourceVersion "1"]
[SourceVersionDate "2022.03.31"]
[SourceQuality "1"]

1. d4 d5 2. c4 e6 3. Nc3 Nf6 4. e3 c5 5. Nf3 Nc6 6. cxd5 Nxd5 7. Nxd5 Qxd5 8. Be2 cxd4 9. exd4 Bb4+ 10. Bd2 Bxd2+ 11. Qxd2 0-0 12. 0-0 Bd7 13. b3 Rac8 14. Bc4 Qa5 15. Qxa5 Nxa5 1/2-1/2

[Event "GBR-ch U120 op 105th"]
[Site "Hull"]
[Date "2018.08.01"]
[Round "3"]
[White "Jackson, Paul Robert"]
[Black "Scotter, John"]
[Result "1/2-1/2"]
[WhiteElo "1574"]
[BlackElo "116"]
[PlyCount "94"]
[EventDate "2018.07.30"]
[EventType "swiss"]
[EventRounds "5"]
[EventCountry "ENG"]
[SourceTitle "EXT 2021"]
[Source "ChessBase"]
[SourceDate "2020.10.23"]
[SourceVersion "1"]
[SourceVersionDate "2020.10.23"]
[SourceQuality "1"]

1. d4 d5 2. Nf3 e6 3. c3 Nf6 4. Bf4 c5 5. e3 Nc6 6. Bd3 Be7 7. Nbd2 cxd4 8. cxd4 Bd7 9. a3 a6 10. h3 b5 11. 0-0 0-0 12. Rc1 Rc8 13. Qe2 Na5 14. Ne5 Nc4 15. Nb1 a5 16. Nxd7 Qxd7 17. Nc3 b4 18. axb4 Bxb4 19. Na2 Bd6 20. Bxc4 dxc4 21. Bxd6 Qxd6 22. Rxc4 Rxc4 23. Qxc4 Qb6 24. Qc2 g6 25. Nc1 Nd5 26. Nd3 Nb4 27. Qc5 Qb7 28. Nxb4 axb4 29. Rc1 Rb8 30. Qd6 Qa8 31. Qc6 Qa5 32. e4 Rf8 33. d5 exd5 34. exd5 b3 35. d6 Qd2 36. Qc3 Qxd6 37. Qxb3 Rb8 38. Qc3 Qb6 39. Rb1 Qb7 40. b4 Rc8 41. Qe5 Rc4 42. b5 Qb6 43. Qe8+ Kg7 44. Qe5+ Kg8 45. Rd1 Rc2 46. Qe8+ Kg7 47. Qe5+ Kg8 1/2-1/2

[Event "GBR-ch U1750 op 105th"]
[Site "Hull"]
[Date "2018.08.01"]
[Round "3"]
[White "O'Brien, Paul W"]
[Black "Jackson, Paul Robert"]
[Result "1/2-1/2"]
[WhiteElo "1684"]
[BlackElo "1574"]
[PlyCount "79"]
[EventDate "2018.07.30"]
[EventType "swiss"]
[EventRounds "5"]
[EventCountry "ENG"]
[SourceTitle "EXT 2021"]
[Source "ChessBase"]
[SourceDate "2020.10.23"]
[SourceVersion "1"]
[SourceVersionDate "2020.10.23"]
[SourceQuality "1"]

1. e4 e6 2. d4 d5 3. Nd2 dxe4 4. Nxe4 Bd7 5. Nf3 Bc6 6. Bd3 Nd7 7. 0-0 Ngf6 8. Nxf6+ Qxf6 9. Be2 Bxf3 10. Bxf3 c6 11. Be3 Qd8 12. Bf4 Be7 13. Qd2 Nf6 14. c4 0-0 15. Rad1 Bd6 16. Bg5 Qc7 17. g3 Be7 18. Rfe1 Rad8 19. Qe3 h6 20. Bf4 Bd6 21. Be5 Bxe5 22. Qxe5 Rd7 23. Qe3 Rfd8 24. g4 Qb6 25. g5 hxg5 26. c5 Qc7 27. Qxg5 Rxd4 28. Rxd4 Rxd4 29. Rd1 Rxd1+ 30. Bxd1 Qd7 31. Bf3 Qd4 32. Qc1 Ne4 33. Bxe4 Qxe4 34. a3 Qd3 35. b4 f5 36. Qf4 Qd7 37. Qb8+ Kf7 38. Qxa7 Qd1+ 39. Kg2 Qg4+ 40. Kf1 1/2-1/2

[Event "GBR-ch Yates op 105th"]
[Site "Hull"]
[Date "2018.07.29"]
[Round "4"]
[White "Bienvenu, Laurence"]
[Black "Jackson, Paul Robert"]
[Result "1/2-1/2"]
[WhiteElo "1245"]
[BlackElo "1574"]
[PlyCount "64"]
[EventDate "2018.07.27"]
[EventType "swiss"]
[EventRounds "5"]
[EventCountry "ENG"]
[SourceTitle "EXT 2021"]
[Source "ChessBase"]
[SourceDate "2020.10.23"]
[SourceVersion "1"]
[SourceVersionDate "2020.10.23"]
[SourceQuality "1"]

1. e4 d5 2. exd5 Qxd5 3. Nc3 Qd8 4. d4 Nf6 5. Nf3 Bg4 6. Be2 e6 7. h3 Bxf3 8. Bxf3 c6 9. 0-0 Be7 10. Be3 Nbd7 11. Ne4 Nxe4 12. Bxe4 Nf6 13. Bd3 0-0 14. c3 Qc7 15. Qd2 Rad8 16. Bg5 Nd5 17. Bxe7 Qxe7 18. Rfe1 Qd6 19. Re4 Nf6 20. Re3 Qf4 21. Qc2 Qh6 22. Rae1 Nd5 23. Rf3 Nf4 24. Bc4 Qg6 25. Qxg6 Nxg6 26. Re4 Ne7 27. a4 Nd5 28. a5 a6 29. Bd3 Nc7 30. h4 Nd5 31. g4 Nf6 32. Ref4 Nd5 1/2-1/2

[Event "GBR-ch Yates op 105th"]
[Site "Hull"]
[Date "2018.07.29"]
[Round "5"]
[White "Jackson, Paul Robert"]
[Black "Bienvenu, Antoine"]
[Result "1/2-1/2"]
[WhiteElo "1574"]
[BlackElo "1273"]
[PlyCount "87"]
[EventDate "2018.07.27"]
[EventType "swiss"]
[EventRounds "5"]
[EventCountry "ENG"]
[SourceTitle "EXT 2021"]
[Source "ChessBase"]
[SourceDate "2020.10.23"]
[SourceVersion "1"]
[SourceVersionDate "2020.10.23"]
[SourceQuality "1"]

1. d4 d5 2. Nf3 g6 3. c3 Nf6 4. Bf4 Bf5 5. e3 Bg7 6. Bd3 Bxd3 7. Qxd3 Nh5 8. Be5 f6 9. Bg3 c6 10. Nbd2 Nxg3 11. hxg3 Nd7 12. e4 e6 13. exd5 exd5 14. 0-0-0 0-0 15. Rde1 Re8 16. Rxe8+ Qxe8 17. Re1 Qf7 18. Qe3 Bf8 19. Qe6 c5 20. Qxf7+ Kxf7 21. Kc2 cxd4 22. Nxd4 Re8 23. Rxe8 Kxe8 24. f3 a6 25. g4 Ke7 26. N2b3 Kd6 27. Kd3 b6 28. Ne2 Ne5+ 29. Kc2 Nc4 30. g3 Bh6 31. f4 Ne3+ 32. Kd3 Nxg4 33. Nbd4 Nf2+ 34. Ke3 Nd1+ 35. Kd2 Nxb2 36. Kc2 Nc4 37. Kd3 f5 38. Ng1 Bg7 39. Ngf3 Bxd4 40. Kxd4 Na3 41. Ng5 Nb5+ 42. Kd3 Ke7 43. Nxh7 Kf7 44. Ng5+ 1/2-1/2

[Event "Gibraltar Amateur op-B"]
[Site "Caleta"]
[Date "2018.01.28"]
[Round "2"]
[White "Jackson, Paul Robert"]
[Black "Marcos Herrero, Francisco"]
[Result "1/2-1/2"]
[WhiteElo "1503"]
[BlackElo "1876"]
[PlyCount "133"]
[EventDate "2018.01.27"]
[EventType "swiss"]
[EventRounds "5"]
[EventCountry "GGB"]
[SourceTitle "EXT 2019"]
[Source "ChessBase"]
[SourceDate "2018.10.10"]
[SourceVersion "1"]
[SourceVersionDate "2018.10.10"]
[SourceQuality "1"]

1. d4 Nf6 2. Nf3 c5 3. c3 b6 4. Bf4 Bb7 5. e3 Nh5 6. Bg3 d6 7. Be2 g6 8. Nbd2 Nxg3 9. hxg3 Bg7 10. Qb3 e6 11. dxc5 dxc5 12. 0-0-0 0-0 13. Qa4 Qe7 14. Qh4 Qxh4 15. Nxh4 Rd8 16. Bf3 Nc6 17. Bxc6 Bxc6 18. Nhf3 b5 19. Nb3 Bf8 20. Rxd8 Rxd8 21. Rd1 Rxd1+ 22. Kxd1 f6 23. Ne1 h5 24. f3 Kf7 25. e4 Ba8 26. Nc2 Bd6 27. Ke2 Ke7 28. Ne3 a6 29. g4 h4 30. Nd2 Kd7 31. c4 Kc6 32. b3 Kb6 33. Kd3 Bc6 34. Nc2 Bd7 35. Na3 Bf4 36. Ke2 Kc6 37. Kd3 Kd6 38. Nf1 Ke5 39. Ne3 Bg3 40. Nac2 Kf4 41. Ke2 Kg5 42. Nf1 Be5 43. Ke3 Bd6 44. Ne1 Bf4+ 45. Kd3 f5 46. gxf5 exf5 47. Nd2 Be5 48. Nc2 Kf4 49. Ne3 Bc6 50. exf5 gxf5 51. Ndf1 Kg5 52. Nd2 Kf6 53. Nb1 h3 54. gxh3 Bxf3 55. Nd2 Bc6 56. Nd5+ Ke6 57. Nc3 Bf6 58. cxb5 axb5 59. a4 Bxc3 60. Kxc3 bxa4 61. bxa4 Bxa4 62. Kc4 Kd6 63. h4 Bd1 64. Kd3 Kd5 65. Ke3 c4 66. Nxc4 Kxc4 67. Kf4 1/2-1/2

[Event "Douglas IoM Minor op"]
[Site "Douglas"]
[Date "2017.09.29"]
[Round "5"]
[White "Harris, John2222"]
[Black "Jackson, Paul Robert"]
[Result "1-0"]
[WhiteElo "1571"]
[BlackElo "1492"]
[PlyCount "63"]
[EventDate "2017.09.25"]
[EventType "swiss"]
[EventRounds "7"]
[EventCountry "IOM"]
[SourceTitle "EXT 2019"]
[Source "ChessBase"]
[SourceDate "2018.10.10"]
[SourceVersion "1"]
[SourceVersionDate "2018.10.10"]
[SourceQuality "1"]

1. e4 d5 2. exd5 Qxd5 3. Nc3 Qd8 4. g3 Nf6 5. Bg2 c6 6. Nge2 Bf5 7. d3 e6 8. 0-0 Be7 9. b4 0-0 10. b5 Qd7 11. Rb1 cxb5 12. Nxb5 Nc6 13. Be3 Nd5 14. Bd2 Bf6 15. Rb3 Rfe8 16. h3 h6 17. Nf4 Nde7 18. Nh5 Be5 19. d4 Rad8 20. c3 Bb8 21. Bxh6 Bg6 22. Nxg7 Rf8 23. g4 Kh7 24. Qc1 Rg8 25. Nxe6 fxe6 26. Qg5 Nd5 27. Qh4 Qe7 28. g5 Qf7 29. c4 Nde7 30. Rf3 Nf5 31. Rxf5 Qxf5 32. Bf8+ 1-0